LEADER 01070nam a2200289 u 4500 001 000000005372 003 CaOOAMICUS 005 20070226104744.0 008 940514s1971 it u000 u ita u 020 $a8842002011 035 $a10140895 040 $aNN$bita$dNN$dPUL(R) 100 1 $aSantucci, Antonio,$d1926-$0(OLS)http://pul/name/5585 245 10$aIntroduzione a Hume /$cdi Antonio Santucci. 260 $aBari :$bLaterza,$c1971. 300 $a225 p. ;$c18 cm 490 1 $aFilosofi ;$v7 500 $aBibliography: p. 197-226. 600 14$aHume, David,$d1711-1776.$0(OLS)http://pul/subject/4825 830 2$aI filosofi (Laterza) ;$v7.$0(OLS)http://pul/title/7858 850 $aPUL 852 $aPUL$W1$xSL Filosofia 1$y2$m83 G 54$j7532$nBK-PRI$b $qStampati$B7532$CPULBib$Z2$F7532 $H $81 941 1 $a8 961 $aINV: 72482 996 $6020$a8842002011$9(OLS)http://pul/number/6988 996 $6245$aIntroduzione a Hume$9(OLS)http://pul/title/7857 996 $6260$aBari :$bLaterza$9(OLS)http://pul/publisher/47895 LEADER 01379nam a2200325 a 4500 001 000000167571 003 CaOOAMICUS 005 20180508100637.0 008 180508s1995 it u000 u ita r 020 $z88-04-39499-4* 032 $aLibriCat 040 $aPUL$bita 041 1 $aita$heng 100 1 $aRosenberg, Roy A.$0(OLS)http://pul/name/107985 240 10$aJudaism$lItaliano.$0(OLS)http://pul/title/150028 245 12$aL'ebraismo :$bstoria, pratica, fede /$cRoy A. Rosenberg ; traduzione di Beda Romano ; adattamento per l'edizione italiana di Stefano Fumagalli. 260 $aMilano :$bMondadori,$c1995. 300 $a246 p. ;$c19 cm. 490 1 $aOscar saggi. Religioni ;$v406 650 4$aEbraismo$xStoria.$0(OLS)http://pul/subject/43161 700 1 $aRomano, Beda.$0(OLS)http://pul/name/107986 700 1 $aFumagalli, Stefano.$0(OLS)http://pul/name/107987 830 0$aOscar saggi.$pReligione ;$v406.$0(OLS)http://pul/title/143295 850 $aPUL 852 $aPUL$W1$xDP1 Fondo Dalla Palma$y117$m3 C 28$j115085$qFondi$B195212$CPULBib$Z2$F195212 $HDal2170 $81 941 1 $a1 996 $6020$z88-04-39499-4*$9(OLS)http://pul/number/163970 996 $6245$aL'ebraismo :$bstoria, pratica, fede$9(OLS)http://pul/title/207652 996 $6260$aMilano :$bMondadori$9(OLS)http://pul/publisher/50297